Quiz sur les symboles du tableau périodique - Statistiques

Statistiques générales
  • Ce quiz a été pris 225 fois
  • Le résultat moyen est 58 sur 118
Statistiques - réponses
# élément % Correct
1 H
99%
7 N
98%
6 C
96%
8 O
95%
5 B
94%
9 F
94%
15 P
93%
16 S
93%
19 K
91%
2 He
88%
53 I
83%
18 Ar
81%
92 U
81%
3 Li
78%
11 Na
78%
39 Y
77%
26 Fe
76%
10 Ne
76%
23 V
76%
20 Ca
75%
12 Mg
73%
4 Be
72%
79 Au
71%
13 Al
70%
17 Cl
70%
14 Si
70%
74 W
70%
29 Cu
67%
84 Po
66%
22 Ti
65%
47 Ag
64%
27 Co
61%
88 Ra
59%
33 As
58%
35 Br
58%
32 Ge
58%
28 Ni
58%
30 Zn
58%
87 Fr
57%
54 Xe
57%
57 La
55%
25 Mn
55%
31 Ga
54%
78 Pt
54%
44 Ru
54%
34 Se
54%
24 Cr
53%
58 Ce
51%
52 Te
51%
36 Kr
49%
91 Pa
49%
73 Ta
49%
56 Ba
48%
21 Sc
48%
85 At
46%
75 Re
46%
94 Pu
45%
95 Am
44%
82 Pb
44%
45 Rh
44%
42 Mo
43%
86 Rn
43%
46 Pd
42%
38 Sr
41%
90 Th
41%
37 Rb
40%
99 Es
39%
49 In
39%
71 Lu
39%
59 Pr
39%
50 Sn
39%
89 Ac
38%
68 Er
38%
80 Hg
38%
102 No
38%
40 Zr
38%
114 Fl
37%
67 Ho
37%
83 Bi
36%
55 Cs
36%
63 Eu
36%
77 Ir
35%
48 Cd
34%
93 Np
34%
81 Tl
34%
51 Sb
33%
61 Pm
32%
117 Ts
32%
118 Og
31%
98 Cf
30%
43 Tc
30%
66 Dy
29%
76 Os
29%
96 Cm
28%
101 Md
28%
104 Rf
28%
111 Rg
28%
65 Tb
28%
72 Hf
27%
103 Lr
27%
69 Tm
27%
64 Gd
26%
41 Nb
26%
70 Yb
25%
97 Bk
24%
112 Cn
24%
100 Fm
24%
109 Mt
24%
62 Sm
24%
105 Db
23%
110 Ds
23%
115 Mc
23%
106 Sg
23%
60 Nd
22%
107 Bh
21%
116 Lv
21%
108 Hs
19%
113 Nh
17%
Aucun quiz correspondant
Distribution des résultats
% des personnes avec chaque résultat
Percentile par nombre de réponses
Votre historique - résultats
Vous n’avez pas pris ce quiz